000 00634nam a2200205Ia 4500
003 IN-BaIIA
008 211028s9999 xx 000 0 eng d
020 _a0-08-022052-5
040 _cIIA Library
080 _a063:523.34
_bLSI-2
110 _aNASA Lunar Science Institute
_910591
245 0 _aPetrogenetic Studies of Mare and Highland Rocks
_bvol.2
_cThe Lunar Science Institute. Compl.
260 _aNew York
_bPergamon Press
_c1977
300 _a1305-2654p.
650 _aAstronomy and Astrophysics Thesaurus
650 _aLunar Probes
_96780
650 _aMoon
650 _aTopography
942 _cBK
999 _c6124
_d6124